Регионална библиотека "Любен Каравелов" - Русе

Свръхбогатите (Запис номер 114430)

MARC детайли
000 -Лидер
Контролно поле с фиксирана дължина 01716nam a2200385 c 4500
003 - Код на организацията, давaща контролен номер
Контролно поле BLK
005 - Дата и час на последна редакция
Контролно поле 20210217172420.0
008 - Елементи от данни с фиксирана дължина
fixed length control field 180409b bul|||||r ||||||| ||bul||
010 ## - Наследен системен номер
LC control number KNG00119861000
040 ## - Източник на каталожния запис
Идентификатор на билиотеката - собственик на записа BLK
041 ## - Код за език
Код за езика на текст/звукозапис или на отделно заглавие Български
Код за езика КДБФ Български
080 ## - УДК
Текстов определител УДК Икономическо положение. Икономическа политика. Управление. Планиране. Производство. Услуги. Цени
УДК код - определител по УДК 338
УДК определител (100-662)
УДК - код + определител 338(100-662)
100 1# - Редна дума - Автор
Автор Гьомьори, Ендре
Авторска отговорност първи автор
R(LIN) 313489
139 ## - Редно поле
Редна дума Гьомьори, Ендре
Авторски знак Гън - Г 97
245 10 - Сведения за заглавието
Заглавие Свръхбогатите
Подзаглавни данни История на големите имущества : Очерци
Редно поле (дума) Ендре Гьомьори; прев. от унг. Дора Панчева; прев. от унг. Людмил Панчев.
250 ## - Област на изданието
Сведения за изданието 2. изд.
257 ## - Страна на издаване
Страна на създаване/издаване Унгария
260 ## - Област на издателските данни
-- София
Име на издателя, разпространителя и проч. Христо Ботев
Година на издаване 1990
Печатница В. Търново : Д. Найденов
300 ## - Физическа характеристика
Страници 291 с.
Размери/Мащаб 20 см
380 ## - Жанр
Жанр Обществени науки
500 ## - Общи забележки
Забележка Ориг. загл. Szupergrzdagok / Gomori Endre. - 1. изд. 1983.
650 #4 - Допълнително описание по предмет – тема
Основно описание – тема или топоним Капиталистически страни - стопанство
9 (RLIN) 313492
650 #4 - Допълнително описание по предмет – тема
Основно описание – тема или топоним Монополи, международни
9 (RLIN) 162698
653 ## - Ключова дума – ненормативна
Ключова дума капитализъм
653 ## - Ключова дума – ненормативна
Ключова дума икономика
653 ## - Ключова дума – ненормативна
Ключова дума богати
653 ## - Ключова дума – ненормативна
Ключова дума монопол
700 1# - Други автори (авторска отговорност)
Лично име Панчева, Дора
Автороска отговорност (Описва отношението между автора и произведението) прев. от унг.
9 (RLIN) 313490
700 1# - Други автори (авторска отговорност)
Лично име Панчев, Людмил
Автороска отговорност (Описва отношението между автора и произведението) прев. от унг.
9 (RLIN) 313491
852 ## - Местоположение
Форматна сигнатура Цб 164235
856 4# - Електронен адрес и достъп
Електронен формат pdf - файл
Път до файла /url/
856 4# - Електронен адрес и достъп
Електронен формат pdf - файл
Път до файла /url/
942 ## - АРТИКУЛИ
Вид на библиотечния материал Книги
Скрит в OPAC Не
Koha issues (borrowed), all copies 2
944 ## - СЪЗДАВАНЕ И РЕДАКЦИЯ на ЗАПИСА
Създаване/Редакция Създаване
Дата на регистрацията/редакция 15.10.2010
Статус, дата на статуса ф / 14.10.2010
Служител, извършил регистрацията/редакцията Людмила_Стоянова
944 ## - СЪЗДАВАНЕ И РЕДАКЦИЯ на ЗАПИСА
Създаване/Редакция Редакция
Дата на регистрацията/редакция 17.01.2014
Статус, дата на статуса ф / 14.10.2010
Служител, извършил регистрацията/редакцията
999 ## - СИСТЕМНИ КОНТРОЛНИ НОМЕРА
Koha biblionumber 114430
Koha biblioitemnumber 114430
Наличности
Код за отписване Код за изгубен артикул Източник на класификационната схема Код за повреда Коз за рестрикции Код за отдаване Артикулен № Име на библиотеката - собственик Име на библиотеката, в която се намира в момента Статус (Текущо местоположение) Дата на вписване в системата Местоположение - отдел Цена в лева Инвентарен номер Систематично азбучна сигнатура Баркод Номер на екземпляра Цена в евро Служебна бележка Служебен тип на артикула
  Не е изгубен Universal Decimal Classification Не е повреден без рестрикции ползва се в читалня 183116 Регионална библиотека "Любен Каравелов" Русе Регионална библиотека "Любен Каравелов" Русе Хранилище 1990-01-01 Хранилище 1.44 542325 Цб 164235 120000542325 1 0.74 Дост: Dp Вид: Д N: стар фонд Дата: 01.01.1990 Книги
Изтеглен Не е изгубен Universal Decimal Classification Не е повреден без рестрикции заемане за дома 183117 Регионална библиотека "Любен Каравелов" Русе Регионална библиотека "Любен Каравелов" Русе Заемна - подръчен фонд 1990-01-01 Заемна - подръчен фонд 5.00 586726 П 338/Г 97 586726 2 2.56 Дост: Pk Вид: Ф N: стар фонд Дата: 01.01.1990 Книги
Изтеглен Не е изгубен Universal Decimal Classification Не е повреден без рестрикции заемане за дома 183118 Регионална библиотека "Любен Каравелов" Русе Регионална библиотека "Любен Каравелов" Русе Заемна - подръчен фонд 2010-10-06 Заемна - подръчен фонд 5.00 120000746318 П 338/Г 97 120000746318 3 2.56 Дост: DA Вид: А N: 21 Дата: 06.10.2010 Дата инв: 05.02.2018 Бележки инв: П2018 Книги
  Не е изгубен   Не е повреден без рестрикции заемане за дома 183119 Регионална библиотека "Любен Каравелов" Русе Регионална библиотека "Любен Каравелов" Русе Заемна - подръчен фонд 2013-12-09 Заемна - подръчен фонд 5.00 120000772840 П 338/Г 97 120000772840 4 2.56 Дост: DA Вид: А N: 20 Дата: 09.12.2013 Дата инв: 02.02.2018 Бележки инв: П2018 Книги
Vip Innovations Ltd, Rousse, Bulgaria 2025